000
00301nam a2200121 a 4500
001
4140
005
20140414131957.0
008
090218s19uu xx 00 eng d
050
_a
TR 616.02
_b
G65 2005
100
_a
Gordon, Sharon
245
_a
What's inside an ambulance. Champion 3.
999
_c
112969
_d
112969